Manual de instituciones de Hacienda Pública española / (Record no. 162116)
[ view plain ]
| 000 -LEADER | |
|---|---|
| campo de control de longitud fija | 00770nam a22001935i 4500 |
| 001 - NÚMERO DE CONTROL | |
| campo de control | 162116 |
| 003 - IDENTIFICADOR DE NÚMERO DE CONTROL | |
| campo de control | ES-MaACL |
| 005 - FECHA Y HORA DE LA ÚLTIMA TRANSACCIÓN | |
| campo de control | 20251204170747.0 |
| 008 - DATOS DE LONGITUD FIJA--INFORMACIÓN GENERAL | |
| campo de control de longitud fija | 990104s1875 sp |||| | spa d |
| 100 1# - ENTRADA PRINCIPAL--NOMBRE DE PERSONA | |
| Nombre de persona | Piernas y Hurtado, José Manuel, |
| Fechas asociadas al nombre | 1843-1911 |
| 9 (RLIN) | 91943 |
| 245 10 - MENCIÓN DEL TÍTULO | |
| Título | Manual de instituciones de Hacienda Pública española / |
| Mención de responsabilidad, etc. | por José M. Piernas y Hurtado y Mariano de Miranda y Eguía. |
| 250 ## - MENCION DE EDICION | |
| Mención de edición | 2ª ed., ref. y considerablemente mejorada. |
| 260 ## - PUBLICACIÓN, DISTRIBUCIÓN, ETC. | |
| Lugar de publicación, distribución, etc. | Madrid : |
| Nombre del editor, distribuidor, etc. | [s.n.], |
| Fecha de publicación, distribución, etc. | 1875 ( |
| Fabricante | Imp. de la Sociedad Tipográfica) |
| 300 ## - DESCRIPCIÓN FÍSICA | |
| Extensión | 612 p. ; |
| Dimensiones | 22 cm. |
| 650 00 - PUNTO DE ACCESO ADICIONAL DE MATERIA--TÉRMINO DE MATERIA | |
| Término de materia o nombre geográfico como elemento de entrada | Hacienda pública- |
| Subdivisión geográfica | España- |
| Subdivisión cronológica | S.XIX |
| 9 (RLIN) | 227084 |
| 700 1# - ENTRADA AGREGADA--NOMBRE PERSONAL | |
| Nombre de persona | Miranda y Eguía, Mariano de |
| 9 (RLIN) | 129972 |
| 852 ## - LOCALIZACIÓN | |
| Ubicación | ES-MaACL |
| Número de control de estantería | G-14383 |
| Nota libre | - Enc. pasta española |
| Estatus retirado | Estado de pérdida | Estado de daño | No para préstamo | Colección | Biblioteca de origen | Biblioteca actual | Ubicación en estantería | Fecha de adquisición | Fuente de adquisición | Total de préstamos | Signatura topográfica completa | Código de barras | Visto por última vez | Precio de reemplazo | Tipo de ítem Koha |
|---|---|---|---|---|---|---|---|---|---|---|---|---|---|---|---|
| Libros del s. XIX | Biblioteca del Ateneo de Madrid | Biblioteca del Ateneo de Madrid | Sala Pecera Planta 3 | 17/01/2008 | G-14383 | 1169832 | 23/02/2023 | 23/02/2023 | Libro impreso antiguo |
